ნორმალური ფორმატი
MARC ფორმატი
ჩანაწერი Corporate Name
ჩანაწერთა რაოდენობა, რომელიც გამოყენებულია: 1
001 - CONTROL NUMBER
- control field: 18556
003 - CONTROL NUMBER IDENTIFIER
- control field: GE_BSU
005 - DATE AND TIME OF LATEST TRANSACTION
- control field: 20230608101109.0
008 - FIXED-LENGTH DATA ELEMENTS
- fixed length control field: 230608|| aca||aabn | a|a d
040 ## - CATALOGING SOURCE
- Original cataloging agency: GE_BSU
- Transcribing agency: GE_BSU
110 ## - HEADING--CORPORATE NAME
- Corporate name or jurisdiction name as entry element: საქ. ეროვნ. მუზეუმი
- Subordinate unit: ოთარ ლორთქიფანიძის არქეოლ. ცენტრი.
670 ## - SOURCE DATA FOUND
- Source citation: Work cat.: (GE_BSU): მათიაშვილი, ნანა 18403, ელინისტური ხანის სამარხები კოლხეთის ნაქალაქარებიდან = Hellenistic burials from the Colchian city-sites /
